000 00383nam a22001697a 4500
005 20160429152904.0
008 160429b xxu||||| |||| 00| 0 eng d
020 _a81-219-2550-9
041 _aeng
082 _b00942
100 _aVerma Shalini
_9271
245 _aBody Language
260 _bS Chande co. Ltd.
_c2010
300 _a173
650 _aManagement
_9241
942 _cBK
999 _c317
_d317